000 01651cam a22004094i 4500
003 PE-LiUPU
005 20250731184548.0
008 150625s r 000 0 d
035 _a(Sirsi) a32800
040 _aPE-LiUPU
_bspa
_cPE-LiUPU
_erda
082 0 4 _a985
_223
_bV297h
100 1 _aGuerra, Margarita,
_eautor.
245 1 3 _aHistoria general del Perú :
_bLa republica contemporánea (1919-1950) /
_cRubén Vargas Ugarte.
264 1 _aLima :
_bMilla Baltres,
_c1984.
300 _a426 páginas :
_bfotografías blanco y negro, mapas ;
_c24.5 centímetros.
336 _atext
_2rdacontent
337 _aunmediated
_2rdamedia
338 _avolume
_2rdacarrier
505 0 _aProblemas económicos y sociales durante el Oncendio. - Las relaciones internacionales y otros aspectos del oncenio. - La primera década del gobierno militar en el siglo XX. - Diversos aspectos de la vida peruana entre 1930 y1939. - El retorno a la vida constitucional(1939-1948). - La dictadura militar. - De Prado a Belaúnde(1956-1968). - Concideraciones sobre el gobierno revolucionario de la fuerza armada.
526 _aP136
526 _aP135
526 _aP134
526 _aP133
526 _aP144
526 _aP143
526 _aP87
526 _aP35
526 _aP20
526 _aP14
526 _aP10
526 _aP06
651 0 _aPerú
_xHistoria
_yRepública, 1919-1950.
_92271
942 _2ddc
_cBK
949 _a985
_wDEWEY
_c1
_i23912
_lCCODEBUL1
_mBUL
_p00.00
_r0
_sY
_tBOOK
_u2015-06-25
_xBIBLIOTECA
_zUNKNOWN
_0COMPRA
_o.STAFF. Colección General
980 _81
_gALBERTO SANCHEZ Responsable de Automatización
999 _c40493
_d40493